000 00284nam a2200121Ia 4500
008 240614s9999 xx 000 0 und d
041 _aeng
100 _aBhagat, Chetan
245 _aGirl in Room 105
260 _bRupa Publication
_c2018
_aPune
300 _a304
650 _aGeneral
999 _c358720
_d358720